General studies manual for Assam civil services examination/ (Record no. 11671)

MARC details
000 -LEADER
fixed length control field 00799nam a22002657a 4500
005 - DATE AND TIME OF LATEST TRANSACTION
control field 20230928134556.0
008 - FIXED-LENGTH DATA ELEMENTS--GENERAL INFORMATION
fixed length control field 230928b ||||| |||| 00| 0 eng d
020 ## - INTERNATIONAL STANDARD BOOK NUMBER
International Standard Book Number 9789355323040
040 ## - CATALOGING SOURCE
Original cataloging agency IN-DiNC
Transcribing agency IN-DiNC
041 ## - LANGUAGE CODE
Language code of sung or spoken text English
082 ## - DEWEY DECIMAL CLASSIFICATION NUMBER
Classification number 030
Item number DAS
100 ## - MAIN ENTRY--PERSONAL NAME
Personal name Das, Raj Kumar
Relator term Author
245 ## - TITLE STATEMENT
Title General studies manual for Assam civil services examination/
Statement of responsibility, etc. by Raj Kumar Das and Biswajit Dutta
250 ## - EDITION STATEMENT
Edition statement 3rd ed.
260 ## - PUBLICATION, DISTRIBUTION, ETC.
Place of publication, distribution, etc. Chennai:
Name of publisher, distributor, etc. McGraw Hill,
Date of publication, distribution, etc. 2023.
300 ## - PHYSICAL DESCRIPTION
Extent xxi, 1154p.
650 ## - SUBJECT ADDED ENTRY--TOPICAL TERM
Topical term or geographic name entry element History, art and culture
650 ## - SUBJECT ADDED ENTRY--TOPICAL TERM
Topical term or geographic name entry element Constitution, polity, governance and social justice
650 ## - SUBJECT ADDED ENTRY--TOPICAL TERM
Topical term or geographic name entry element Economy
650 ## - SUBJECT ADDED ENTRY--TOPICAL TERM
Topical term or geographic name entry element Ethics, integrity and aptitude
650 ## - SUBJECT ADDED ENTRY--TOPICAL TERM
Topical term or geographic name entry element North East
650 ## - SUBJECT ADDED ENTRY--TOPICAL TERM
Topical term or geographic name entry element Current affairs
700 ## - ADDED ENTRY--PERSONAL NAME
Personal name Dutta, Biswajit
Relator term Author
942 ## - ADDED ENTRY ELEMENTS (KOHA)
Source of classification or shelving scheme Dewey Decimal Classification
Koha item type Books
Holdings
Withdrawn status Lost status Source of classification or shelving scheme Damaged status Not for loan Collection code Home library Current library Shelving location Date acquired Cost, normal purchase price Total Checkouts Full call number Barcode Date last seen Date last checked out Copy number Price effective from Koha item type
    Dewey Decimal Classification     General Collection Central Library, Naharkatiya College Central Library, Naharkatiya College General Stacks 28/09/2023 1240.00 6 030 DAS 29442 17/11/2025 06/11/2025 1 28/09/2023 Books

Naharkatiya College © 2020. All rights reserved.

Powered By